Państwa według podpowiedzi - litera W - Statystyki

Ogólne statystyki
  • Ten quiz został rozwiązany 37 razy
  • Średni wynik to 6 z 10
Statystyki odpowiedzi
Podpowiedź Państwo % Poprawnych
Jako jedyne opuściło Unię Europejską Wielka Brytania
90%
Znajduje się tam największe jezioro w Europie Środkowej Węgry
83%
Jego nazwa po hiszpańsku oznacza "Małą Wenecję" Wenezuela
70%
Najwyższy szczyt tego państwa (oraz całych Indochin) to góra Fansipan Wietnam
70%
Ma najwięcej obiektów ze światowej listy UNESCO Włochy
67%
Ma flagę podobną do flagi Irlandii Wybrzeże Kości Słoniowej
67%
Benito Mussolini powołał do życia to państwo Watykan
63%
W tym afrykańskim państwie wyspiarskim sprzedawano znaczki pocztowe z podobizną Lecha Kaczyńskiego Wyspy Świętego Tomasza i Książęca
60%
Odzyskało niepodległość od USA 21 października 1986 roku Wyspy Marshalla
40%
Jego główną religią jest Anglikanizm Wyspy Salomona
33%
Nie znaleziono quizów pasujących do podanych kryteriów
Rozkład punktacji
Procent ludzi z każdym wynikiem
Percentyl według liczby udzielonych odpowiedzi
Twoja historia wyników
Nie rozwiązałeś tego quizu